The Practice of Modern Internal Auditing: The Practice of Modern Internal Auditing. (Record no. 6053)
[ view plain ]
| 000 -LEADER | |
|---|---|
| fixed length control field | 00652nam a2200217Ia 4500 |
| 003 - CONTROL NUMBER IDENTIFIER | |
| control field | OSt |
| 005 - DATE AND TIME OF LATEST TRANSACTION | |
| control field | 20220822092710.0 |
| 008 - FIXED-LENGTH DATA ELEMENTS--GENERAL INFORMATION | |
| fixed length control field | 220822b |||||||| |||| 00| 0 eng d |
| 020 ## - INTERNATIONAL STANDARD BOOK NUMBER | |
| International Standard Book Number | 0894130927 |
| 040 ## - CATALOGING SOURCE | |
| Transcribing agency | IFM Library |
| 082 ## - DEWEY DECIMAL CLASSIFICATION NUMBER | |
| Classification number | 657.45 |
| 100 ## - MAIN ENTRY--PERSONAL NAME | |
| Personal name | Sawyer, Lawrence B. |
| 9 (RLIN) | 1664 |
| 245 #4 - TITLE STATEMENT | |
| Title | The Practice of Modern Internal Auditing: The Practice of Modern Internal Auditing. |
| 250 ## - EDITION STATEMENT | |
| Edition statement | 2 ed |
| 260 ## - PUBLICATION, DISTRIBUTION, ETC. | |
| Place of publication, distribution, etc. | Florida |
| Name of publisher, distributor, etc. | The Institute of Internal Auditors |
| Date of publication, distribution, etc. | 1983 |
| 260 ## - PUBLICATION, DISTRIBUTION, ETC. | |
| Name of publisher, distributor, etc. | The Institute of Internal Auditors |
| 300 ## - PHYSICAL DESCRIPTION | |
| Extent | xiv, 882 p. |
| Other physical details | ill.; 23 cm. |
| 500 ## - GENERAL NOTE | |
| General note | Include index |
| 650 ## - SUBJECT ADDED ENTRY--TOPICAL TERM | |
| Topical term or geographic name entry element | AuditingAccounting |
| 9 (RLIN) | 202 |
| 942 ## - ADDED ENTRY ELEMENTS (KOHA) | |
| Koha item type | Books |
| Source of classification or shelving scheme | Dewey Decimal Classification |
| Suppress in OPAC | No |
| Withdrawn status | Lost status | Source of classification or shelving scheme | Damaged status | Not for loan | Home library | Current library | Shelving location | Date acquired | Full call number | Barcode | Date last seen | Price effective from | Koha item type | Collection code | Source of acquisition | Total Checkouts |
|---|---|---|---|---|---|---|---|---|---|---|---|---|---|---|---|---|
| Dewey Decimal Classification | IFM Main Campus Library | IFM Main Campus Library | 05/15/2015 | 657.45 SAW | 0000003367 | 05/15/2015 | 05/15/2015 | Books | ||||||||
| IFM Main Campus Library | IFM Main Campus Library | Archival Collection | 09/29/2021 | 657.45 SAW | 0000004342 | 10/15/2015 | 02/19/2022 | Books | Non-fiction | Purchase | ||||||
| IFM Main Campus Library | IFM Main Campus Library | Archival Collection | 09/29/2021 | 657.45 SAW | 0000004435 | 10/15/2015 | 02/19/2022 | Books | Non-fiction | purchases | ||||||
| Dewey Decimal Classification | IFM Main Campus Library | IFM Main Campus Library | Stack Collection | 08/22/2022 | 657.45 SAW | 0000013578 | 10/25/2021 | 10/25/2021 | Books | Non-fiction | Purchase |
